[Event "NB II. Erkel csoport"]
[Site "Budapest"]
[Date "2024.05.12"]
[Round "9.11"]
[White "Ilko-Toth, Andras"]
[Black "Laszlo, Laura Dr"]
[Result "1-0"]
[WhiteElo "1902"]
[BlackElo "1862"]
[PlyCount "145"]
[EventDate "2023.10.08"]
[EventType "team-tourn"]
[EventRounds "9"]
[EventCountry "HUN"]
[Source "chess.hu"]
[WhiteTeam "TFSE"]
[BlackTeam "HUSI SC"]
[WhiteTeamCountry "HUN"]
[BlackTeamCountry "HUN"]

1. d4 d5 2. Nf3 Nf6 3. g3 e6 4. Bg2 c5 5. O-O Nc6 6. c4 cxd4 7. Nxd4 e5 8. Nxc6
bxc6 9. Nc3 e4 10. Bg5 Be6 11. Qa4 Bd7 12. Bxf6 Qxf6 13. cxd5 cxd5 14. Qa5 Rc8
15. Qxd5 Bc6 16. Qc4 Be7 17. Bxe4 O-O 18. Qd3 Bxe4 19. Qxe4 Bc5 20. Rad1 Qb6
21. Na4 Qa6 22. b3 Bb6 23. Nxb6 axb6 24. a4 Rfe8 25. Qd3 Qxd3 26. Rxd3 Rxe2 27.
Rfd1 g6 28. Rd8+ Rxd8 29. Rxd8+ Kg7 30. Rd6 b5 31. axb5 Re4 32. Rd8 Rb4 33. Rb8
Rxb3 34. b6 Kf6 35. b7 Kf5 36. Kg2 Rb2 37. Rh8 Rxb7 38. Rxh7 g5 39. Rg7 Kf6 40.
Rg8 Rb2 41. h3 Ra2 42. Re8 Rb2 43. Kf3 Rb3+ 44. Re3 Rb1 45. Rc3 Rb4 46. Re3 Kg6
47. Ra3 Rc4 48. Ra6+ f6 49. Re6 Kf5 50. Re3 Kg6 51. Re4 Rc3+ 52. Kg2 Rc2 53. h4
Kf5 54. Ra4 Kg6 55. hxg5 Kxg5 56. Ra5+ f5 57. Ra8 Rc3 58. Rg8+ Kf6 59. f4 Kf7
60. Ra8 Kg6 61. Ra6+ Kf7 62. Kh3 Rb3 63. Kh4 Rc3 64. Kg5 Rxg3+ 65. Kxf5 Rb3 66.
Ra7+ Kf8 67. Kg5 Rb1 68. f5 Rb5 69. Kg6 Rb8 70. f6 Kg8 71. Rg7+ Kh8 72. Rh7+
Kg8 73. f7+ 1-0

[Event "NB II. Erkel csoport"]
[Site "Budapest"]
[Date "2024.05.12"]
[Round "9.12"]
[White "Mohacsy, Zsombor"]
[Black "Kubik, Anna Zsofia"]
[Result "0-1"]
[WhiteElo "1802"]
[BlackElo "1764"]
[PlyCount "68"]
[EventDate "2023.10.08"]
[EventType "team-tourn"]
[EventRounds "9"]
[EventCountry "HUN"]
[Source "chess.hu"]
[WhiteTeam "HUSI SC"]
[BlackTeam "TFSE"]
[WhiteTeamCountry "HUN"]
[BlackTeamCountry "HUN"]

1. d4 d5 2. Bf4 e6 3. e3 c5 4. c3 Qb6 5. Qc2 Bd7 6. Nf3 Nc6 7. Nbd2 Rc8 8. dxc5
Bxc5 9. Nb3 Nf6 10. Nxc5 Qxc5 11. Ne5 d4 12. Nxc6 Rxc6 13. exd4 Qxd4 14. Qd2
Qe4+ 15. Qe3 Rb6 16. Qxe4 Nxe4 17. f3 Nd6 18. O-O-O Ke7 19. Be3 Rc6 20. Bd3 a6
21. Bc2 Rhc8 22. Rd4 Rc4 23. Rhd1 Rxd4 24. Bxd4 g6 25. Bd3 Bb5 26. Bxb5 axb5
27. b4 Nc4 28. f4 Rc7 29. g4 Rd7 30. g5 Rd5 31. Bc5+ Kd7 32. Bd4 Kc6 33. Kc2
Rf5 34. Kd3 Nb2+ 0-1

[Event "NB II. Erkel csoport"]
[Site "Budapest"]
[Date "2024.05.12"]
[Round "9.1"]
[White "Gyenes, Mate"]
[Black "Szamoskozi, Gabor"]
[Result "1-0"]
[WhiteElo "2174"]
[BlackElo "2234"]
[PlyCount "105"]
[EventDate "2023.10.08"]
[EventType "team-tourn"]
[EventRounds "9"]
[EventCountry "HUN"]
[Source "chess.hu"]
[WhiteTeam "Vaci SC"]
[BlackTeam "Vizugyi SC"]
[WhiteTeamCountry "HUN"]
[BlackTeamCountry "HUN"]

1. e4 c6 2. d4 d5 3. Nc3 dxe4 4. Nxe4 Nf6 5. Nxf6+ exf6 6. Bc4 Bd6 7. Qe2+ Be7
8. Nf3 O-O 9. O-O Bd6 10. Re1 Na6 11. Bd2 Nc7 12. Qd3 Be6 13. Bxe6 fxe6 14. Qb3
Qd7 15. Bb4 Bxb4 16. Qxb4 Rfe8 17. Re4 a5 18. Qc4 Qd5 19. Qe2 a4 20. c4 Qd6 21.
c5 Qd5 22. Nd2 Nb5 23. Qe3 Rad8 24. Nf3 Kf7 25. h3 Re7 26. a3 h6 27. Re1 Ree8
28. Re2 Rd7 29. Qf4 Kg8 30. Qg4 Kh7 31. Rxe6 Rxe6 32. Rxe6 h5 33. Qe4+ Qxe4 34.
Rxe4 Kg6 35. g4 hxg4 36. hxg4 Kf7 37. Kf1 Rd5 38. Ke2 Nc7 39. Kd3 Ne6 40. Kc3
b6 41. cxb6 Rb5 42. d5 Rb3+ 43. Kc2 cxd5 44. Rxe6 Rxf3 45. Re3 Rxf2+ 46. Kb1 d4
47. Re4 d3 48. b7 Rf1+ 49. Ka2 d2 50. Rd4 d1=Q 51. Rxd1 Rxd1 52. b8=Q Rf1 53.
Qb4 1-0

[Event "NB II. Erkel csoport"]
[Site "Budapest"]
[Date "2024.05.12"]
[Round "9.2"]
[White "Dencsi, Tibor"]
[Black "Mirza, Solyom"]
[Result "1-0"]
[WhiteElo "2257"]
[BlackElo "2078"]
[PlyCount "81"]
[EventDate "2023.10.08"]
[EventType "team-tourn"]
[EventRounds "9"]
[EventCountry "HUN"]
[Source "chess.hu"]
[WhiteTeam "Vizugyi SC"]
[BlackTeam "Vaci SC"]
[WhiteTeamCountry "HUN"]
[BlackTeamCountry "HUN"]

1. c4 e5 2. g3 Nc6 3. Bg2 f5 4. Nc3 Nf6 5. e3 d5 6. cxd5 Nb4 7. d3 c6 8. e4 Qa5
9. Bg5 Qa6 10. Bf1 cxd5 11. a3 Nc6 12. Bxf6 gxf6 13. Nxd5 Qa5+ 14. b4 Qd8 15.
Qh5+ Kd7 16. Ne2 Kd6 17. Bh3 Rg8 18. f4 Rg6 19. Bxf5 Rh6 20. Qf7 Bxf5 21. exf5
Qd7 22. Qxd7+ Kxd7 23. Rc1 Bd6 24. O-O exf4 25. Nexf4 Nd4 26. Rc4 Be5 27. Ne6
Nxe6 28. fxe6+ Kxe6 29. Nc7+ Bxc7 30. Rxc7 a5 31. b5 Rd8 32. Re1+ Kf5 33. Rf1+
Ke6 34. Re1+ Kf5 35. Re3 Rd4 36. Rxb7 Ra4 37. b6 Rxa3 38. Rg7 Ra1+ 39. Kg2 Rb1
40. g4+ Kf4 41. Re4# 1-0

[Event "NB II. Erkel csoport"]
[Site "Budapest"]
[Date "2024.05.12"]
[Round "9.3"]
[White "Trajber, Daniel"]
[Black "Mika, Janos"]
[Result "1/2-1/2"]
[WhiteElo "2063"]
[BlackElo "2105"]
[PlyCount "50"]
[EventDate "2023.10.08"]
[EventType "team-tourn"]
[EventRounds "9"]
[EventCountry "HUN"]
[Source "chess.hu"]
[WhiteTeam "Vaci SC"]
[BlackTeam "Vizugyi SC"]
[WhiteTeamCountry "HUN"]
[BlackTeamCountry "HUN"]

1. e4 c5 2. Nf3 d6 3. d4 Nf6 4. Nc3 cxd4 5. Nxd4 Bd7 6. Bg5 e6 7. Qd2 a6 8. f4
h6 9. Bxf6 Qxf6 10. O-O-O Nc6 11. Nf3 Qd8 12. Kb1 Qc7 13. Qe3 Be7 14. g4 O-O-O
15. Na4 b5 16. Nb6+ Kb7 17. Nxd7 Rxd7 18. Bg2 Qb6 19. Qc3 Rg8 20. Nd4 Nxd4 21.
Rxd4 Rc7 22. Qd3 Ka7 23. Rd1 Rgc8 24. c3 Rc4 25. Bf1 Rxd4 1/2-1/2

[Event "NB II. Erkel csoport"]
[Site "Budapest"]
[Date "2024.05.12"]
[Round "9.5"]
[White "Trajber, Csaba Dr"]
[Black "Torok, Adam"]
[Result "1-0"]
[WhiteElo "1967"]
[BlackElo "2022"]
[PlyCount "93"]
[EventDate "2023.10.08"]
[EventType "team-tourn"]
[EventRounds "9"]
[EventCountry "HUN"]
[Source "chess.hu"]
[WhiteTeam "Vaci SC"]
[BlackTeam "Vizugyi SC"]
[WhiteTeamCountry "HUN"]
[BlackTeamCountry "HUN"]

1. e4 Nf6 2. e5 Nd5 3. d4 d6 4. Nf3 Bg4 5. Be2 e6 6. O-O Be7 7. c4 Nb6 8. exd6
cxd6 9. Nc3 O-O 10. Be3 Nc6 11. d5 exd5 12. cxd5 Bxf3 13. gxf3 Ne5 14. b3 Bf6
15. Ne4 Be7 16. f4 Ned7 17. Bf3 f5 18. Ng3 g5 19. Ne2 g4 20. Bg2 Bf6 21. Rc1
Bg7 22. f3 Qe7 23. Bf2 Rac8 24. Rxc8 Rxc8 25. fxg4 fxg4 26. Nd4 h5 27. Nf5 Qf6
28. Nxg7 Qxg7 29. Be4 Kf8 30. Bd4 Qe7 31. Re1 Re8 32. Bc3 Qh4 33. Qd4 Re7 34.
Qh8+ Kf7 35. Qg7+ Ke8 36. Qg8+ Nf8 37. Bg6+ Kd7 38. Bf5+ Ke8 39. Bg6+ Kd7 40.
Bf5+ Ke8 41. Be4 Nbd7 42. Re2 Kd8 43. Bg7 Re8 44. Bh6 Ne6 45. Qxe8+ Kxe8 46.
Bg6+ Kd8 47. dxe6 1-0

[Event "NB II. Erkel csoport"]
[Site "Budapest"]
[Date "2024.05.12"]
[Round "9.6"]
[White "Budai, Akos"]
[Black "Veres, Istvan"]
[Result "1/2-1/2"]
[WhiteElo "2027"]
[BlackElo "1957"]
[PlyCount "161"]
[EventDate "2023.10.08"]
[EventType "team-tourn"]
[EventRounds "9"]
[EventCountry "HUN"]
[Source "chess.hu"]
[WhiteTeam "Vizugyi SC"]
[BlackTeam "Vaci SC"]
[WhiteTeamCountry "HUN"]
[BlackTeamCountry "HUN"]

1. e4 c5 2. Nf3 Nc6 3. Bb5 e6 4. Bxc6 dxc6 5. O-O Ne7 6. d3 Ng6 7. e5 Be7 8.
Qe2 O-O 9. Nc3 Qc7 10. Bd2 Bd7 11. Rae1 Rae8 12. g3 f6 13. h4 f5 14. Ng5 Nh8
15. f4 h6 16. Nf3 Rd8 17. Be3 b6 18. Rd1 Be8 19. Nd2 Bf7 20. Kf2 Rd7 21. Rh1
Rfd8 22. Rdg1 h5 23. Rd1 Bg6 24. Kg2 Nf7 25. Rhe1 Nh6 26. Bg1 Ng4 27. Nf1 Bf7
28. Ne3 a5 29. Qf3 Be8 30. a4 Qb7 31. Nc4 Rc7 32. b3 Qa6 33. Ne3 b5 34. Nxg4
hxg4 35. Qe2 Rcd7 36. Nb1 c4 37. dxc4 bxa4 38. Rxd7 Rxd7 39. bxa4 Qb7 40. c5
Qb4 41. Qe3 Qxa4 42. Qb3 Qxb3 43. cxb3 Rd3 44. Re3 Rd1 45. Nc3 Rxg1+ 46. Kxg1
Bxc5 47. Kf2 Kf7 48. Na4 Bxe3+ 49. Kxe3 Ke7 50. Kd4 Kd8 51. Kc5 Kc7 52. Nb2 Kb7
53. Nc4 Ka6 54. Nd6 Bd7 55. Nf7 Kb7 56. Kd6 Kc8 57. Ng5 c5 58. Kxc5 Kc7 59. Nh7
a4 60. bxa4 Bxa4 61. Ng5 Kd7 62. Nf7 Bb3 63. Nd6 Bd5 64. Kb6 Bf3 65. Nb7 Bd5
66. Nc5+ Kd8 67. Na4 Kd7 68. Nc3 Bf3 69. Nb5 Bd5 70. Nd6 Bf3 71. Ka7 Bd5 72.
Kb8 Bf3 73. Nf7 Bd5 74. Nh8 Ba2 75. Kb7 Bd5+ 76. Kb6 Ba2 77. h5 Bb3 78. Ng6 Ba4
79. Kc5 Bb3 80. Nf8+ Ke7 81. Ng6+ 1/2-1/2

[Event "NB II. Erkel csoport"]
[Site "Budapest"]
[Date "2024.05.12"]
[Round "9.7"]
[White "Slezak, Robert"]
[Black "Kulcsar, Tamas"]
[Result "1-0"]
[WhiteElo "1983"]
[BlackElo "1984"]
[PlyCount "67"]
[EventDate "2023.10.08"]
[EventType "team-tourn"]
[EventRounds "9"]
[EventCountry "HUN"]
[Source "chess.hu"]
[WhiteTeam "Vaci SC"]
[BlackTeam "Vizugyi SC"]
[WhiteTeamCountry "HUN"]
[BlackTeamCountry "HUN"]

1. e4 e5 2. Nf3 Nc6 3. Bc4 Nf6 4. Ng5 d5 5. exd5 Na5 6. Bb5+ c6 7. dxc6 bxc6 8.
Bd3 Nd5 9. Ne4 f5 10. Nec3 Nf4 11. Bf1 Bc5 12. d3 Ng6 13. Be2 O-O 14. O-O Qh4
15. g3 Qh3 16. Bf3 Nf4 17. gxf4 Rf6 18. fxe5 Rg6+ 19. Kh1 Bd7 20. Bf4 Re8 21.
Nd2 Bd4 22. Rg1 Bxf2 23. Rxg6 hxg6 24. Bg2 Qh4 25. Qf3 Bd4 26. Qh3 Qe7 27. Nf3
Bb6 28. Re1 Qb4 29. Nd1 c5 30. a3 Qa4 31. Re2 c4 32. Nc3 Qc6 33. d4 Be6 34. Rd2
1-0

[Event "NB II. Erkel csoport"]
[Site "Budapest"]
[Date "2024.05.12"]
[Round "9.8"]
[White "Balint, Laszlo Dr"]
[Black "Slezak, Akos"]
[Result "1-0"]
[WhiteElo "1906"]
[BlackElo "1962"]
[PlyCount "129"]
[EventDate "2023.10.08"]
[EventType "team-tourn"]
[EventRounds "9"]
[EventCountry "HUN"]
[Source "chess.hu"]
[WhiteTeam "Vizugyi SC"]
[BlackTeam "Vaci SC"]
[WhiteTeamCountry "HUN"]
[BlackTeamCountry "HUN"]

1. d4 Nf6 2. c4 e5 3. dxe5 Ng4 4. Bf4 Nc6 5. Nf3 Bb4+ 6. Nc3 Qe7 7. e3 Bxc3+ 8.
bxc3 Ngxe5 9. Be2 d6 10. O-O O-O 11. Nd4 Be6 12. Qa4 Qd7 13. Kh1 b6 14. Bxe5
Nxe5 15. Qxd7 Bxd7 16. Nb5 Rfc8 17. h3 Bc6 18. f4 Nd7 19. Bg4 Bxb5 20. cxb5 Rd8
21. Bxd7 Rxd7 22. Kg1 Re7 23. Kf2 Rae8 24. Rfe1 Re4 25. a4 Rc4 26. Ra3 Ree4 27.
Rea1 f5 28. g4 fxg4 29. hxg4 g5 30. fxg5 Rxg4 31. Rg1 Rxg1 32. Kxg1 Rg4+ 33.
Kf2 Rxg5 34. Kf3 Kg7 35. Kf4 Kg6 36. e4 h5 37. c4 Rg2 38. a5 Rc2 39. axb6 axb6
40. Rg3+ Kf6 41. Rh3 Rxc4 42. Rxh5 Rc5 43. Rd5 Ke6 44. Rf5 d5 45. e5 Rxb5 46.
Rf6+ Ke7 47. Kf5 d4 48. Rh6 d3 49. Rh7+ Kd8 50. Kf6 Rb1 51. Rh8+ Kd7 52. e6+
Kc6 53. e7 Rf1+ 54. Kg5 Re1 55. e8=Q+ Rxe8 56. Rxe8 Kd5 57. Kf4 c5 58. Rd8+ Kc4
59. Ke3 b5 60. Kd2 Kb4 61. Rxd3 c4 62. Rh3 Kc5 63. Rh5+ Kb4 64. Kc2 Ka4 65. Kc3
1-0

[Event "NB II. Erkel csoport"]
[Site "Budapest"]
[Date "2024.05.12"]
[Round "9.9"]
[White "Kiss, Pal Vac"]
[Black "D Albini, Geza"]
[Result "1/2-1/2"]
[WhiteElo "1954"]
[BlackElo "1805"]
[PlyCount "24"]
[EventDate "2023.10.08"]
[EventType "team-tourn"]
[EventRounds "9"]
[EventCountry "HUN"]
[Source "chess.hu"]
[WhiteTeam "Vaci SC"]
[BlackTeam "Vizugyi SC"]
[WhiteTeamCountry "HUN"]
[BlackTeamCountry "HUN"]

1. e4 d6 2. d4 Nf6 3. Nc3 Nbd7 4. Nf3 e5 5. dxe5 dxe5 6. Bc4 h6 7. Qd3 Be7 8.
Be3 c6 9. Rd1 Qc7 10. O-O O-O 11. a3 b5 12. Bb3 Nc5 1/2-1/2

[Event "NB II. Erkel csoport"]
[Site "Budapest"]
[Date "2024.05.12"]
[Round "9.10"]
[White "Russa, Roberto"]
[Black "Kovolgyi, Krisztian"]
[Result "1-0"]
[WhiteElo "1877"]
[BlackElo "1853"]
[PlyCount "54"]
[EventDate "2023.10.08"]
[EventType "team-tourn"]
[EventRounds "9"]
[EventCountry "HUN"]
[Source "chess.hu"]
[WhiteTeam "Vizugyi SC"]
[BlackTeam "Vaci SC"]
[WhiteTeamCountry "HUN"]
[BlackTeamCountry "HUN"]

1. d4 d5 2. Bf4 Nf6 3. e3 e6 4. Nf3 Bd6 5. Bg5 Nbd7 6. c4 Be7 7. Nc3 c6 8. Rc1
O-O 9. Bd3 h6 10. Bh4 dxc4 11. Bxc4 Nd5 12. Bg3 N7f6 13. Nd2 a6 14. O-O Nb6 15.
Be2 Bd6 16. Bh4 g5 17. Bg3 Bxg3 18. hxg3 Nbd5 19. Nxd5 Kg7 20. Nxf6 Rh8 21. Bh5
Bd7 22. Bg4 Qe7 23. Bf3 b6 24. g4 Ra7 25. Qc2 h5 26. Bxc6 b5 27. Qc5 Qf8 1-0

[Event "NB II. Erkel csoport"]
[Site "Budapest"]
[Date "2024.05.12"]
[Round "9.12"]
[White "Dobos-Ordas, Ivan"]
[Black "Keresztesi, Aron Bendeguz"]
[Result "0-1"]
[WhiteElo "1495"]
[BlackElo "1501"]
[PlyCount "92"]
[EventDate "2023.10.08"]
[EventType "team-tourn"]
[EventRounds "9"]
[EventCountry "HUN"]
[Source "chess.hu"]
[WhiteTeam "Vizugyi SC"]
[BlackTeam "Vaci SC"]
[WhiteTeamCountry "HUN"]
[BlackTeamCountry "HUN"]

1. e4 d5 2. exd5 Nf6 3. c4 c6 4. Nc3 g6 5. g3 cxd5 6. cxd5 Nxd5 7. Bg2 Nxc3 8.
bxc3 Bg7 9. Qa4+ Qd7 10. Qxd7+ Nxd7 11. Ne2 Nc5 12. O-O Rb8 13. d4 Nd7 14. f4
O-O 15. a4 b6 16. Ba3 Bb7 17. Rfe1 Bxg2 18. Kxg2 Rfe8 19. Ng1 e6 20. Re3 Nf6
21. Rc1 Rbc8 22. Bd6 Nd5 23. Rd3 Rc6 24. c4 Rxd6 25. cxd5 Rxd5 26. Nf3 Red8 27.
Rc4 a6 28. Ne5 Bxe5 29. fxe5 b5 30. axb5 axb5 31. Rb4 Rxe5 32. dxe5 Rxd3 33.
Rxb5 Rd5 34. Rxd5 exd5 35. Kf3 Kf8 36. Ke3 Ke7 37. Kd4 Ke6 38. h3 g5 39. h4 g4
40. h5 h6 41. Ke3 Kxe5 42. Kd3 d4 43. Kd2 Ke4 44. Ke2 d3+ 45. Kd1 Ke3 46. Ke1
f6 0-1

[Event "NB II. Erkel csoport"]
[Site "Budapest"]
[Date "2024.05.12"]
[Round "9.1"]
[White "Vereb, Gabor"]
[Black "Miszler, Levente"]
[Result "1-0"]
[WhiteElo "2201"]
[BlackElo "2293"]
[PlyCount "75"]
[EventDate "2023.10.08"]
[EventType "team-tourn"]
[EventRounds "9"]
[EventCountry "HUN"]
[Source "chess.hu"]
[WhiteTeam "Godolloi SBE"]
[BlackTeam "EUTender-Sinus-SDSE"]
[WhiteTeamCountry "HUN"]
[BlackTeamCountry "HUN"]

1. c4 e6 2. g3 d5 3. Bg2 Nf6 4. cxd5 exd5 5. d3 Be7 6. Nf3 O-O 7. O-O Re8 8.
Nbd2 c5 9. b3 Nc6 10. Bb2 b6 11. Rc1 Bb7 12. d4 Ne4 13. e3 Nb4 14. Nxe4 dxe4
15. Ne5 Nxa2 16. Ra1 Nb4 17. Qg4 Qc8 18. Qh5 g6 19. Qh6 Bf8 20. Qh4 Qd8 21. Qf4
f5 22. g4 Qh4 23. gxf5 Qxf4 24. exf4 gxf5 25. Bh3 cxd4 26. Kh1 e3+ 27. f3 Rxe5
28. fxe5 d3 29. e6 Bc5 30. Rg1+ Kf8 31. Rg7 Bxf3+ 32. Bg2 Bxg2+ 33. Kxg2 e2 34.
Rxh7 d2 35. Bf6 Ke8 36. Raxa7 e1=N+ 37. Kh3 Rxa7 38. Rxa7 1-0

[Event "NB II. Erkel csoport"]
[Site "Budapest"]
[Date "2024.05.12"]
[Round "9.2"]
[White "Dudas, Janos"]
[Black "Reznak, Attila"]
[Result "1-0"]
[WhiteElo "2330"]
[BlackElo "2200"]
[PlyCount "49"]
[EventDate "2023.10.08"]
[EventType "team-tourn"]
[EventRounds "9"]
[EventCountry "HUN"]
[Source "chess.hu"]
[WhiteTeam "EUTender-Sinus-SDSE"]
[BlackTeam "Godolloi SBE"]
[WhiteTeamCountry "HUN"]
[BlackTeamCountry "HUN"]

1. d4 Nf6 2. Nf3 g6 3. c4 Bg7 4. Nc3 d5 5. cxd5 Nxd5 6. Bd2 Nc6 7. e4 Nb6 8. d5
Ne5 9. Nxe5 Bxe5 10. Bh6 Qd6 11. Qd2 Qb4 12. a3 Bxc3 13. axb4 Bxd2+ 14. Kxd2 e6
15. Bf4 exd5 16. Bxc7 Nc4+ 17. Kc3 Kd7 18. exd5 Nd6 19. Bb6 Re8 20. Bd3 Re7 21.
Rxa7 Rxa7 22. Bxa7 Kc7 23. Be3 Ne4+ 24. Kd4 f5 25. Rc1+ 1-0

[Event "NB II. Erkel csoport"]
[Site "Budapest"]
[Date "2024.05.12"]
[Round "9.3"]
[White "Nagyajtai, Gabor"]
[Black "Szieberth, Adam"]
[Result "0-1"]
[WhiteElo "2122"]
[BlackElo "2250"]
[PlyCount "66"]
[EventDate "2023.10.08"]
[EventType "team-tourn"]
[EventRounds "9"]
[EventCountry "HUN"]
[Source "chess.hu"]
[WhiteTeam "Godolloi SBE"]
[BlackTeam "EUTender-Sinus-SDSE"]
[WhiteTeamCountry "HUN"]
[BlackTeamCountry "HUN"]

1. d4 g6 2. c3 Bg7 3. Nf3 Nf6 4. Bg5 d6 5. Nbd2 O-O 6. e4 c5 7. dxc5 dxc5 8. h3
Nc6 9. Qc2 Qc7 10. Be2 Nh5 11. Ng1 Nf4 12. g3 Nxe2 13. Nxe2 b5 14. Be3 Qd6 15.
Rd1 b4 16. Nb3 Qf6 17. Nxc5 Qf3 18. Kd2 bxc3+ 19. bxc3 Ne5 20. Kc1 Nc4 21. Nd4
Qh5 22. Ncb3 Nxe3 23. fxe3 Qe5 24. g4 Bb7 25. Nd2 Rfc8 26. Kb1 Rab8 27. Ka1 Qa5
28. Rc1 Ba6 29. N2b3 Qa4 30. Rb1 Rb6 31. Rb2 e5 32. Nf3 Bf8 33. Rbb1 Bb4 0-1

[Event "NB II. Erkel csoport"]
[Site "Budapest"]
[Date "2024.05.12"]
[Round "9.4"]
[White "Gara-Tarnoczi, Peter"]
[Black "Kozma, Gabor"]
[Result "1-0"]
[WhiteElo "2174"]
[BlackElo "2075"]
[PlyCount "59"]
[EventDate "2023.10.08"]
[EventType "team-tourn"]
[EventRounds "9"]
[EventCountry "HUN"]
[Source "chess.hu"]
[WhiteTeam "EUTender-Sinus-SDSE"]
[BlackTeam "Godolloi SBE"]
[WhiteTeamCountry "HUN"]
[BlackTeamCountry "HUN"]

1. e4 c5 2. d4 cxd4 3. c3 dxc3 4. Nxc3 Nc6 5. Nf3 e6 6. Bc4 Nge7 7. Bg5 f6 8.
Be3 Ng6 9. O-O Bb4 10. Rc1 O-O 11. a3 Bxc3 12. Rxc3 Qe7 13. Bc5 Qf7 14. Bxf8
Qxf8 15. Nd4 a6 16. f4 Qe7 17. b4 Kh8 18. Rd3 Nxd4 19. Rxd4 Nxf4 20. Rxf4 e5
21. Rh4 g5 22. Rd6 b5 23. Rh3 bxc4 24. Rc3 a5 25. b5 Bb7 26. Rxc4 Qf7 27. Rc7
Bxe4 28. Rdxd7 Qa2 29. Rd8+ Rxd8 30. Qxd8+ 1-0

[Event "NB II. Erkel csoport"]
[Site "Budapest"]
[Date "2024.05.12"]
[Round "9.5"]
[White "Sillye, Kalman"]
[Black "Centgraf, Jozsef"]
[Result "1/2-1/2"]
[WhiteElo "2028"]
[BlackElo "2102"]
[PlyCount "26"]
[EventDate "2023.10.08"]
[EventType "team-tourn"]
[EventRounds "9"]
[EventCountry "HUN"]
[Source "chess.hu"]
[WhiteTeam "Godolloi SBE"]
[BlackTeam "EUTender-Sinus-SDSE"]
[WhiteTeamCountry "HUN"]
[BlackTeamCountry "HUN"]

1. d4 Nf6 2. Bf4 c5 3. e3 g6 4. c3 b6 5. Be2 Bg7 6. h3 Bb7 7. Nf3 d6 8. O-O
Nbd7 9. Bh2 O-O 10. Nbd2 Qc7 11. Qb1 cxd4 12. exd4 Rfe8 13. Re1 e5 1/2-1/2

[Event "NB II. Erkel csoport"]
[Site "Budapest"]
[Date "2024.05.12"]
[Round "9.6"]
[White "Vasyliv, Stanislav"]
[Black "Fecske, Csaba"]
[Result "1-0"]
[WhiteElo "2169"]
[BlackElo "1975"]
[PlyCount "89"]
[EventDate "2023.10.08"]
[EventType "team-tourn"]
[EventRounds "9"]
[EventCountry "HUN"]
[Source "chess.hu"]
[WhiteTeam "EUTender-Sinus-SDSE"]
[BlackTeam "Godolloi SBE"]
[WhiteTeamCountry "HUN"]
[BlackTeamCountry "HUN"]

1. Nf3 c5 2. g3 d5 3. Bg2 Nc6 4. c4 d4 5. d3 e5 6. O-O Bd6 7. e3 Nge7 8. exd4
exd4 9. Nbd2 Bf5 10. Ne4 Bxe4 11. dxe4 O-O 12. Nh4 Ne5 13. b3 N5g6 14. Nf5 Rb8
15. Nxd6 Qxd6 16. f4 f6 17. h4 Nc6 18. h5 Nh8 19. h6 g6 20. e5 Qe7 21. e6 Rfe8
22. f5 Ne5 23. g4 g5 24. Bd5 Rec8 25. Qe2 Qd6 26. Re1 Kf8 27. Bxg5 fxg5 28.
Qxe5 Qxe5 29. Rxe5 Ke7 30. Rae1 Rf8 31. Bg2 b6 32. Rd5 Rbd8 33. Rxd8 Rxd8 34.
Kf2 Rf8 35. Ke2 Rf6 36. Rh1 Rf8 37. Kd3 Kf6 38. a3 Rd8 39. Bd5 Re8 40. b4 Re7
41. bxc5 bxc5 42. Rb1 Rc7 43. Rb8 Ng6 44. fxg6 Kxg6 45. Rb7 1-0

[Event "NB II. Erkel csoport"]
[Site "Budapest"]
[Date "2024.05.12"]
[Round "9.7"]
[White "Papp, Lorinc"]
[Black "Pammer, Gabor"]
[Result "0-1"]
[WhiteElo "1876"]
[BlackElo "2026"]
[PlyCount "66"]
[EventDate "2023.10.08"]
[EventType "team-tourn"]
[EventRounds "9"]
[EventCountry "HUN"]
[Source "chess.hu"]
[WhiteTeam "Godolloi SBE"]
[BlackTeam "EUTender-Sinus-SDSE"]
[WhiteTeamCountry "HUN"]
[BlackTeamCountry "HUN"]

1. e4 c5 2. Nf3 e6 3. d4 cxd4 4. Nxd4 a6 5. Nc3 Qc7 6. Be3 Bb4 7. Qd3 Nf6 8. f3
d5 9. O-O-O Bxc3 10. bxc3 O-O 11. Be2 Nbd7 12. Nb3 b6 13. g4 dxe4 14. fxe4 Bb7
15. Nd2 Rfd8 16. Qd4 Nc5 17. Qc4 Nfxe4 18. Nxe4 Bxe4 19. Rhf1 Bd5 20. Qf4 e5
21. Qf5 Be4 22. Qh5 Bg6 23. Qh4 Na4 24. c4 f6 25. c5 b5 26. Qf2 Nc3 27. Rxd8+
Rxd8 28. Kb2 Qa5 29. a3 Na4+ 30. Kb1 Qc3 31. Bc1 Bxc2+ 32. Ka2 Qb3+ 33. Ka1
Qb1# 0-1

[Event "NB II. Erkel csoport"]
[Site "Budapest"]
[Date "2024.05.12"]
[Round "9.8"]
[White "Nadasi, Balazs"]
[Black "Nagy, Daniel"]
[Result "1-0"]
[WhiteElo "2111"]
[BlackElo "1903"]
[PlyCount "63"]
[EventDate "2023.10.08"]
[EventType "team-tourn"]
[EventRounds "9"]
[EventCountry "HUN"]
[Source "chess.hu"]
[WhiteTeam "EUTender-Sinus-SDSE"]
[BlackTeam "Godolloi SBE"]
[WhiteTeamCountry "HUN"]
[BlackTeamCountry "HUN"]

1. e4 c5 2. Nf3 e6 3. d4 cxd4 4. Nxd4 Nc6 5. Be2 Qc7 6. Be3 a6 7. O-O Nf6 8.
Nc3 b5 9. a3 Bb7 10. f4 d6 11. f5 Nxd4 12. Qxd4 e5 13. Qd3 Be7 14. Bf3 Nd7 15.
a4 Nc5 16. Nd5 Bxd5 17. Qxd5 O-O 18. axb5 Rab8 19. b4 Nd7 20. Qc6 Qxc6 21. bxc6
Nf6 22. c3 Ra8 23. c4 d5 24. cxd5 Bxb4 25. Rfc1 Rfb8 26. Bc5 Ne8 27. Bxb4 Rxb4
28. Rcb1 Rxb1+ 29. Rxb1 Nd6 30. c7 Nb5 31. Rxb5 axb5 32. d6 1-0

[Event "NB II. Erkel csoport"]
[Site "Budapest"]
[Date "2024.05.12"]
[Round "9.9"]
[White "Zamodics, Ferenc"]
[Black "Szabo, A. Martin"]
[Result "0-1"]
[WhiteElo "1851"]
[BlackElo "1917"]
[PlyCount "60"]
[EventDate "2023.10.08"]
[EventType "team-tourn"]
[EventRounds "9"]
[EventCountry "HUN"]
[Source "chess.hu"]
[WhiteTeam "Godolloi SBE"]
[BlackTeam "EUTender-Sinus-SDSE"]
[WhiteTeamCountry "HUN"]
[BlackTeamCountry "HUN"]

1. d4 Nf6 2. c4 g6 3. Nc3 Bg7 4. e4 d6 5. Bd3 O-O 6. Nge2 c5 7. d5 e6 8. O-O
exd5 9. cxd5 Nbd7 10. Bg5 Re8 11. Rb1 a6 12. a4 Qc7 13. b3 Ne5 14. Bc2 Rb8 15.
f4 Neg4 16. Rf3 c4 17. h3 Qc5+ 18. Qd4 Qxd4+ 19. Nxd4 Nxe4 20. Nxe4 Bxd4+ 21.
Kh1 cxb3 22. Rbxb3 Rxe4 23. hxg4 Re1+ 24. Kh2 Bxg4 25. Rfd3 Bg1+ 26. Kg3 h5 27.
Rdc3 Rbe8 28. Bf6 Rf1 29. Rxb7 Bf2+ 30. Kh2 h4 0-1

[Event "NB II. Erkel csoport"]
[Site "Budapest"]
[Date "2024.05.12"]
[Round "9.10"]
[White "Varaljai, Istvan"]
[Black "Molnar, Laszlo"]
[Result "0-1"]
[WhiteElo "1945"]
[BlackElo "1736"]
[PlyCount "44"]
[EventDate "2023.10.08"]
[EventType "team-tourn"]
[EventRounds "9"]
[EventCountry "HUN"]
[Source "chess.hu"]
[WhiteTeam "EUTender-Sinus-SDSE"]
[BlackTeam "Godolloi SBE"]
[WhiteTeamCountry "HUN"]
[BlackTeamCountry "HUN"]

1. e4 Nf6 2. e5 Nd5 3. c4 Nb6 4. d4 d6 5. f4 dxe5 6. fxe5 c5 7. d5 e6 8. Nc3
exd5 9. cxd5 c4 10. Nf3 Bb4 11. Bxc4 Bxc3+ 12. bxc3 Nxc4 13. Qa4+ Nd7 14. Qxc4
Nb6 15. Qd4 Qxd5 16. Ba3 Be6 17. Qh4 Qd8 18. Qg3 Qd3 19. Qxg7 Qe3+ 20. Kd1
O-O-O+ 21. Kc2 Qe2+ 22. Kb1 Bf5+ 0-1